Представление документа в формате RUSMARC

ПолеНазваниеЗначение
  Тип записи i
  Библиографический уровень m
001 Контрольный номер e2cebc0e56e04533859b1a7ce8e58ee6
005 Дата корректировки 20240410121213.5
010 Индекс ISBN __
a ISBN 978-5-9677-2893-8
b Уточнения в кор.
d Цена 276-90
100 Данные общей обработки __
a Данные общей обработки 20221024d2019 cd y0rusy028902 ca
101 Язык документа 0_
a Язык текста rus
102 Страна публикации __
a Страна публикации RU
125 Кодированные данные звукозаписи и нотных изданий __
b Определитель литературного текста с
126 Кодированные данные (звукозаписи-физические характеристики) __
a Кодированные данные звукозаписи (общие) agbаhхх cd
127 Кодированные данные (звукозаписи-физические характеристики) __
a Продолжительность проигрывания 0441##
135 Кодированные данные (электронные ресурсы) __
a Кодированные данные (электронные ресурсы) aongannnauuuu
139 Кодированные данные (электронные ресурсы) __
a Кодированные данные (электронные ресурсы) сaz
181 Поле кодированных данных: вид содержания _0
a Код вида содержания (ISBD) h
182 Поле кодированных данных: тип средства _0
a Код типа средства (ISBD) a
200 Заглавие и сведения об ответственности 1_
a Заглавие Легкие горы
e Сведения, относящиеся к заглавию [повесть : аудиокнига]
f Первые сведения об ответственности Тамара Михеева ; исполняет Татьяна Манетина ; режиссер Виктория Козельцева ; генеральный продюсер Андрей Лобзов
203 Вид содержания и тип средства __
a Вид содержания Устная речь
c Тип средства аудио
210 Выходные данные 1_
a Место издания Москва
c Издательство 1С-Паблишинг
c Издательство КомпасГид
d Дата издания 2019
215 Физическое описание __
a Объем 1 электрон. опт. диск (CD-ROM) (04 ч 41 мин)
d Формат 12 см
c Иллюстрации/тип воспроизводства зв.
225 Серия 2_
a Серия Детям
225 Серия 2_
a Серия 1С: Аудиокниги
300 Общие примечания __
a Общие примечания Заглавие с этикетки диска
300 Общие примечания __
a Общие примечания Данные в формате MP3
330 Аннотация __
a Аннотация Дина только-только идет в школу, только-только обретает новую семью, только-только знакомится со взрослыми. Все в ее жизни происходит впервые - и хорошее, и плохое. Хорошее - это друзья, игрушки, бабушкины истории, дивный хвойный лес в Легких горах. Плохое - это недопонимание между родителями; хуже всего - что виной тому Дина. Повесть "Легкие горы" наполняют запоминающиеся образы живых, невыдуманных героев: всякий, кто помнит детство, узнает в них собственных дедушек и бабушек, маминых приятельниц или соседских мальчишек постарше. Все они, даже неродные и даже недружные, - как одна большая семья, ведь "в маленьком городе каждый кому-то кум, брат, сват". Слов "кум" и "сват" Дина еще не выучила, но сестринские чувства к другим испытывать начинает. А главное, учится понимать переживания окружающих: оказывается, взрослые не такие уж решительные и всезнающие, да что там - не такие уж идеальные... Уроженка Усть-Катава, городка в Челябинской области, Тамара Михеева с любовью описывает и природу этих мест, и жителей уральской глубинки. Послушайте книгу, которая принесла автору поощрительную награду Международного конкурса имени Сергея Михалкова и Всероссийскую премию имени Павла Бажова. Тамара Михеева также лауреат Национальной премии "Заветная мечта" и обладатель ряда других литературных наград.
333 Примечание о целевом назначении __
a Примечание о целевом назначении 6+. Для детей старше шести лет
337 Примечание о системных требованиях (электронные ресурсы) __
a Примечание о системных требованиях (электронные ресурсы) Системные требования: персональный компьютер ; MS Windows 95/98/2000/XP/Vista/7/8/10 ; Pentium 100 ; ОЗУ 16 Мб ; монитор SVGA, 800x600 ; устройство чтения CD/DVD-ROM ; звуковая карта ; колонки или наушники ; мышь ; аудиосистемы с поддержкой формата MP3
606 Тематические рубрики __
a Основная рубрика Художественная литература
2 Код системы nlr_sh
606 Тематические рубрики __
a Основная рубрика Современная русская литература (произведения)
2 Код системы nlr_sh
610 Ключевые слова 0_
a Ключевые слова детская литература
a Ключевые слова аудиокниги
610 Ключевые слова 0_
a Ключевые слова детские повести
610 Ключевые слова 0_
a Ключевые слова повести
610 Ключевые слова 0_
a Ключевые слова тема семьи
610 Ключевые слова 0_
a Ключевые слова тема детей
610 Ключевые слова 0_
a Ключевые слова тема жизненных трудностей
610 Ключевые слова 0_
a Ключевые слова тема взросления
686 Индексы других классификаций __
2 Код системы rubbks
a Классификационный индекс 84(2=411.2)6-4я04; ст84(2=411.2)6-4я0
700 Автор _1
a Фамилия Михеева
b Имя Т. В.
g Полное личное имя Тамара Витальевна
f Даты 1979-
4 Код отношения 070
702 Вторичная интеллектуальная ответственность _1
a Фамилия Манетина
b Имя Т.
g Полное личное имя Татьяна
4 Код отношения 590
f Даты 1986-
702 Вторичная интеллектуальная ответственность _1
a Фамилия Лобзов
b Имя А.
g Полное личное имя Андрей
4 Код отношения 665
702 Вторичная интеллектуальная ответственность _1
a Фамилия Козельцева
b Имя В.
g Полное личное имя Виктория
4 Код отношения 300
801 Источник записи _0
b Организация Муниципальное бюджетное учреждение культуры "Централизованная библиотечная система" г. Сургут (Центральная городская библиотека им. А. С. Пушкина)
a Страна RU
c Дата составления 20221024
g Правила каталогизации PSBO
801 Источник записи _1
b Организация Муниципальное бюджетное учреждение культуры "Централизованная библиотечная система" г. Сургут (Центральная городская библиотека им. А. С. Пушкина)
a Страна RU
c Дата составления 20221024
g Правила каталогизации PSBO
852 Данные о местонахождении __
i Авторский знак М 69
j Шифр хранения 84(2=411.2)6-4я04
900 Макрообъекты __
a Макрообъекты Легкие горы. Михеева, Т., 2019
901 Тип документа __
a Ответственный КиК/Лукашук
t Тип документа 0
903 Характеристики (МАРС) __
a Дата передачи 20221024
c Наименование библиотеки (МАРС) Муниципальное бюджетное учреждение культуры "Централизованная библиотечная система" г. Сургут (Центральная городская библиотека им. А. С. Пушкина)
969 Тип издания __
a Тип издания издание для детей
a Тип издания издание для слепых
a Тип издания аудиокнига
990 Данные о заказе (DOS) __
j Количество экземпляров (DOS) 1
t N записи в КСУ для И/У (DOS) 202211